[Event "NOR Championship Group Elite"]
[Site "Roros NOR"]
[Date "2002.07.09"]
[EventDate "2002.07.06"]
[Round "5"]
[Result "1/2-1/2"]
[White "Geir Ivar Henriksen"]
[Black "Magnus Carlsen"]
[WhiteElo "2209"]
[BlackElo "2214"]
[PlyCount "157"]

1. d4 d5 2. c4 c6 3. Nf3 Nf6 4. Nc3 a6 5. e3 b5 6. b3 Bg4
7. Be2 e6 8. O-O Nbd7 9. h3 Bh5 10. Ne5 Bxe2 11. Nxe2 Nxe5
12. dxe5 Nd7 13. Bb2 Be7 14. cxd5 cxd5 15. Nf4 Bg5 16. Nd3 Be7
17. Rc1 O-O 18. Bd4 Qa5 19. Qc2 Ba3 20. Qc7 Qxc7 21. Rxc7 Rfd8
22. b4 Rac8 23. Ra7 Nb8 24. Bc5 Rd7 25. Ra8 Rdc7 26. Rb1 Nd7
27. Rxa6 Nxc5 28. bxc5 Bxc5 29. Rxb5 Bf8 30. Rab6 Ra8 31. Rb8
Rca7 32. Rxa8 Rxa8 33. Nc5 g6 34. Nb7 Rxa2 35. Nd6 Ra1+
36. Kh2 Ra2 37. Kg3 Ra3 38. Kf4 Ra2 39. Kf3 Ra7 40. Kf4 Ra2
41. Kf3 Ra7 42. g3 h5 43. g4 hxg4+ 44. hxg4 Kg7 45. g5 Bxd6
46. exd6 Rd7 47. Rb6 e5 48. Rc6 Rd8 49. Ke2 f6 50. f4 exf4
51. exf4 fxg5 52. fxg5 Kf7 53. Kd3 Rd7 54. Kd4 Ke6 55. Rc8
Rxd6 56. Rf8 Ke7 57. Rf2 Ra6 58. Kxd5 Ra5+ 59. Ke4 Rxg5
60. Rf3 Rg1 61. Ke3 Ke6 62. Kf2 Rg5 63. Rb3 Kf6 64. Kf3 Kg7
65. Rb8 Kh6 66. Kf4 Rg1 67. Ra8 Kg7 68. Rb8 Kf7 69. Rb7+ Kf6
70. Rb6+ Kg7 71. Rb8 Rg2 72. Ra8 Rb2 73. Kg5 Rb7 74. Ra5 Rf7
75. Rb5 Ra7 76. Rc5 Ra6 77. Rc7+ Kf8 78. Rc8+ Kf7 79. Rc7+
1/2-1/2

[Event "NOR Championship Group Elite"]
[Site "Roros NOR"]
[Date "2002.07.10"]
[EventDate "2002.07.06"]
[Round "6"]
[Result "1-0"]
[White "Magnus Carlsen"]
[Black "Carl Fredrik Ekeberg"]
[WhiteElo "2214"]
[BlackElo "2213"]
[PlyCount "83"]

1. d4 Nf6 2. c4 g6 3. g3 Bg7 4. Bg2 d5 5. cxd5 Nxd5 6. e4 Nb6
7. Ne2 e5 8. d5 O-O 9. O-O c6 10. Nbc3 cxd5 11. exd5 Nc4
12. b3 Nd6 13. Ba3 f5 14. Rc1 Na6 15. Bxd6 Qxd6 16. Nb5 Qb6
17. a4 Bd7 18. d6 e4 19. Nf4 Nb4 20. Nc7 Rad8 21. Ncd5 Qxd6
22. Nxb4 Qxb4 23. Rc7 Bc8 24. Nd5 Qd4 25. Ne7+ Kh8 26. Qc1 Be6
27. Rxb7 Qd6 28. Rxa7 Rf7 29. Nc6 Rc8 30. Rxf7 Bxf7 31. Ne5
Qe6 32. Nxf7+ Kg8 33. Nh6+ Kh8 34. Nf7+ Kg8 35. Ng5 Qd7
36. Qd1 Qc6 37. b4 h6 38. Qb3+ Kh8 39. Ne6 Bf6 40. b5 Qb6
41. Nf4 Be5 42. a5 1-0

[Event "NOR Championship Group Elite"]
[Site "Roros NOR"]
[Date "2002.07.11"]
[EventDate "2002.07.06"]
[Round "7"]
[Result "1-0"]
[White "Roy Harald Fyllingen"]
[Black "Magnus Carlsen"]
[WhiteElo "2378"]
[BlackElo "2214"]
[PlyCount "81"]

1. d4 Nf6 2. Nf3 e6 3. g3 d5 4. Bg2 Be7 5. O-O O-O 6. Nbd2 c5
7. c4 cxd4 8. Nxd4 Nc6 9. N2f3 Nxd4 10. Qxd4 Bd7 11. Ne5 Bc6
12. Be3 Qa5 13. a3 Rfd8 14. Nxc6 bxc6 15. b4 Qa6 16. Rfc1 Nd7
17. Ra2 Bf6 18. Qf4 Nb6 19. cxd5 cxd5 20. h4 Rac8 21. Rxc8
Rxc8 22. a4 Nc4 23. Bc5 h6 24. e4 d4 25. Bf1 d3 26. Bxd3 Rd8
27. Be2 Bd4 28. e5 Bxc5 29. bxc5 Rb8 30. Qxc4 Rb1+ 31. Kg2 Qa5
32. Qd4 Rc1 33. Bd3 Rxc5 34. Rb2 Rc8 35. Qe4 g6 36. Rb7 Rf8
37. Qf4 h5 38. Be2 Qc5 39. Bf3 Kg7 40. Qf6+ Kg8 41. Be4 1-0

[Event "NOR Championship Group Elite"]
[Site "Roros NOR"]
[Date "2002.07.13"]
[EventDate "2002.07.06"]
[Round "9"]
[Result "1/2-1/2"]
[White "Magnus Carlsen"]
[Black "Kjetil A Lie"]
[WhiteElo "2214"]
[BlackElo "2431"]
[PlyCount "81"]

1. Nf3 c5 2. e4 e6 3. d4 cxd4 4. Nxd4 Qb6 5. Nb3 Qc7 6. Bd3
Nf6 7. O-O d5 8. Nc3 dxe4 9. Nxe4 Nxe4 10. Bxe4 Bd6 11. Qh5
Nd7 12. g3 a6 13. Bg5 Be5 14. c3 Nf6 15. Bxf6 Bxf6 16. Rad1
Rb8 17. Rd2 g6 18. Qc5 Qxc5 19. Nxc5 Be7 20. Rfd1 f5 21. Bc2
b6 22. Ba4+ Kf7 23. Nd7 Bxd7 24. Rxd7 Rhd8 25. Bb3 Rxd7
26. Rxd7 b5 27. f4 Kf6 28. Kg2 h6 29. h4 b4 30. Rc7 Rd8
31. Rc6 Rd6 32. Rxd6 Bxd6 33. cxb4 Bxb4 34. Bc4 a5 35. Kf3 Be1
36. b3 Bd2 37. Ke2 Bc1 38. Kd1 Ba3 39. Ke2 Bb2 40. Kf3 Bc1
41. a4 1/2-1/2

[Event "Team match"]
[Site "Internet"]
[Date "2002.08.21"]
[EventDate "2002.08.21"]
[Round "?"]
[Result "1-0"]
[White "Rui Wang"]
[Black "Magnus Carlsen"]
[WhiteElo "2503"]
[BlackElo "2214"]
[PlyCount "89"]

1. d4 d5 2. c4 c6 3. Nc3 dxc4 4. a4 e5 5. dxe5 Qxd1+ 6. Nxd1
Na6 7. Ne3 Nc5 8. Bd2 Be6 9. Nf3 Nb3 10. Rd1 Bc5 11. Bc3 Bxe3
12. fxe3 Ne7 13. Nd2 Nd5 14. Nxc4 Nxc3 15. Nd6+ Ke7 16. bxc3
Nc5 17. a5 b6 18. a6 Nd7 19. e4 Nxe5 20. e3 Rhd8 21. Nf5+ Bxf5
22. exf5 Rxd1+ 23. Kxd1 Rd8+ 24. Kc1 Nd3+ 25. Kc2 Nf2 26. Rg1
Rd1 27. g4 Ra1 28. Kb2 Re1 29. Kc2 Rxe3 30. Bg2 Ne4 31. Kb2
Re2+ 32. Kb3 Nc5+ 33. Ka3 Nxa6 34. Bxc6 Nc5 35. h3 Re3 36. Kb2
Nd3+ 37. Kc2 Ne5 38. Bd5 Rxh3 39. g5 Kd6 40. Rd1 Kc5 41. Be4
Rh2+ 42. Kb3 Ng4 43. Rd5+ Kc6 44. Bf3 Ne3 45. Rd2+ 1-0

[Event "OSS Club Ch Group Master"]
[Site "Oslo NOR"]
[Date "2002.09.26"]
[EventDate "2002.09.26"]
[Round "1"]
[Result "1/2-1/2"]
[White "Leif Erlend Johannessen"]
[Black "Magnus Carlsen"]
[WhiteElo "2525"]
[BlackElo "2214"]
[PlyCount "61"]

1. d4 d5 2. c4 c6 3. Nf3 dxc4 4. e3 b5 5. a4 e6 6. axb5 cxb5
7. b3 Bb4+ 8. Bd2 Bxd2+ 9. Nbxd2 cxb3 10. Bxb5+ Bd7 11. Qxb3
Nf6 12. Ne5 O-O 13. Nxd7 Nbxd7 14. Bc6 Rc8 15. Bf3 e5 16. O-O
exd4 17. exd4 Nb6 18. Qb4 Nbd5 19. Qa5 Nc3 20. Nb3 Qb6
21. Qxb6 axb6 22. Ra6 Ncd5 23. Raa1 Rc3 24. Rab1 Rfc8 25. Rfc1
g6 26. Kf1 R8c4 27. Rxc3 Rxc3 28. Nd2 Rd3 29. Nc4 Rxd4
30. Nxb6 Nxb6 31. Rxb6 1/2-1/2

[Event "EU-ch U12"]
[Site "Peniscola ESP"]
[Date "2002.10.02"]
[EventDate "2002.09.29"]
[Round "4"]
[Result "1-0"]
[White "Magnus Carlsen"]
[Black "Ivan Salgado Lopez"]
[WhiteElo "2250"]
[BlackElo "2165"]
[PlyCount "67"]

1. d4 d5 2. c4 c6 3. Nc3 Nf6 4. e3 e6 5. Bd3 Nbd7 6. Nf3 Bd6
7. O-O O-O 8. e4 dxc4 9. Bxc4 e5 10. Bg5 Qe7 11. Bb3 Re8
12. Re1 a6 13. Nh4 exd4 14. Nf5 Qf8 15. Nxd4 h6 16. Bh4 g5
17. Nf5 Bc7 18. Bg3 Bxg3 19. hxg3 Ne5 20. f4 Bxf5 21. fxe5
Qc5+ 22. Kh1 Bg4 23. Bxf7+ Kf8 24. Qb3 Rxe5 25. Rf1 Kg7
26. Rxf6 Kxf6 27. Rf1+ Kg7 28. Be6 Bxe6 29. Qxb7+ Kg6 30. Qxa8
Kh5 31. Qe8+ Kg4 32. Qg6 h5 33. Rf4+ Kxg3 34. Ne2# 1-0

[Event "OSS Club Ch Group Master"]
[Site "Oslo NOR"]
[Date "2002.10.10"]
[EventDate "2002.09.26"]
[Round "2"]
[Result "0-1"]
[White "Magnus Carlsen"]
[Black "Ornulf A Stubberud"]
[WhiteElo "2250"]
[BlackElo "1606"]
[PlyCount "78"]

1. e4 d6 2. d4 Nf6 3. Nc3 g6 4. Be2 Bg7 5. h4 c5 6. d5 h5
7. Be3 Ng4 8. Bxg4 hxg4 9. Nge2 b5 10. a3 Nd7 11. b4 a6
12. Rb1 Qc7 13. bxc5 dxc5 14. Bf4 Bxc3+ 15. Kf1 Be5 16. Bg5
Nf6 17. f4 gxf3 18. gxf3 Nh5 19. Qd2 Ng3+ 20. Nxg3 Bxg3
21. Kg2 f6 22. Be3 Bd6 23. c4 Bd7 24. Qc2 Kf7 25. Qf2 Rh5
26. f4 Rah8 27. Rbf1 Ke8 28. e5 fxe5 29. fxe5 Rxe5 30. Qf7+
Kd8 31. Bg5 Bf5 32. Bf6 exf6 33. Qxf6+ Qe7 34. Qxh8+ Kd7
35. Qh6 Be4+ 36. Kg1 Bxh1 37. Kxh1 Rh5 38. Qd2 Qxh4+ 39. Kg1
Bh2+ 0-1

[Event "Hafjell Junior Chess International"]
[Site "Hafjell NOR"]
[Date "2002.10.17"]
[EventDate "2002.10.17"]
[Round "1"]
[Result "0-1"]
[White "Mads Ribe"]
[Black "Magnus Carlsen"]
[WhiteElo "1045"]
[BlackElo "2250"]
[PlyCount "54"]

1. c4 f5 2. Nc3 Nf6 3. d4 g6 4. Nf3 Bg7 5. g3 O-O 6. Bg2 d6
7. O-O Nc6 8. d5 Ne5 9. b3 Ne4 10. Qc2 Nxc3 11. Nxe5 Bxe5
12. Bb2 Ne4 13. Bxe5 dxe5 14. Bxe4 fxe4 15. Qxe4 Qd6 16. Rad1
Bh3 17. Rfe1 Qb6 18. e3 Qf6 19. f4 Qf5 20. Qxf5 Rxf5 21. e4
Rf7 22. Kf2 Bg4 23. Rd2 exf4 24. gxf4 Rxf4+ 25. Kg3 Raf8
26. c5 Rf3+ 27. Kh4 R8f4 0-1

[Event "Hafjell Junior Chess International"]
[Site "Hafjell NOR"]
[Date "2002.10.18"]
[EventDate "2002.10.17"]
[Round "3"]
[Result "0-1"]
[White "Jon Ludvig Hammer"]
[Black "Magnus Carlsen"]
[WhiteElo "1638"]
[BlackElo "2250"]
[PlyCount "50"]

1. Nf3 c5 2. b3 Nc6 3. Bb2 d6 4. e3 e5 5. c4 f5 6. d3 Nf6
7. Nc3 g6 8. a3 Bg7 9. Qc2 O-O 10. Be2 h6 11. O-O-O a5 12. h3
Bd7 13. Nh2 Be6 14. Bf3 Qd7 15. Rhg1 f4 16. Kb1 Ne7 17. Na4
Ra6 18. Bxe5 dxe5 19. Nxc5 Qc7 20. Nxa6 bxa6 21. Ka2 fxe3
22. fxe3 e4 23. Bg4 Nxg4 24. Nxg4 exd3 25. Qxd3 a4 0-1

[Event "Hafjell Junior Chess International"]
[Site "Hafjell NOR"]
[Date "2002.10.18"]
[EventDate "2002.10.17"]
[Round "2"]
[Result "1-0"]
[White "Magnus Carlsen"]
[Black "William Magnor"]
[WhiteElo "2250"]
[BlackElo "930"]
[PlyCount "41"]

1. e4 e5 2. Nf3 Nc6 3. d4 exd4 4. Nxd4 Bc5 5. Be3 Bb6 6. Nc3
Nf6 7. Nxc6 bxc6 8. Qd2 O-O 9. O-O-O Ba5 10. f3 d5 11. e5 Nd7
12. f4 Qe7 13. Qe1 Rb8 14. Nxd5 cxd5 15. Qxa5 Qb4 16. Qxb4
Rxb4 17. Rxd5 Nb6 18. Rc5 Ra4 19. b3 Rxa2 20. Kb1 Ra6 21. Bxa6
1-0

[Event "Hafjell Junior Chess International"]
[Site "Hafjell NOR"]
[Date "2002.10.19"]
[EventDate "2002.10.17"]
[Round "4"]
[Result "0-1"]
[White "Magnus Carlsen"]
[Black "Borki Predojevic"]
[WhiteElo "2250"]
[BlackElo "2437"]
[PlyCount "60"]

1. d4 Nf6 2. Nc3 d5 3. Bg5 Nbd7 4. Nf3 c6 5. Qd3 e6 6. e4 dxe4
7. Nxe4 Qc7 8. Bxf6 gxf6 9. O-O-O b6 10. Qc3 Bb7 11. Bc4 O-O-O
12. Rhe1 Rg8 13. g3 f5 14. Neg5 Bh6 15. h4 b5 16. Bd3 c5
17. Bxb5 cxd4 18. Qxc7+ Kxc7 19. Kb1 Nc5 20. b4 Bxf3 21. Nxf3
Ne4 22. Kb2 Nc3 23. Bd3 Nxd1+ 24. Rxd1 Bg7 25. Re1 Bf6 26. a4
Rb8 27. Kb3 Kd6 28. a5 Rbc8 29. b5 e5 30. Bxf5 Rc3+ 0-1

[Event "Hafjell Junior Chess International"]
[Site "Hafjell NOR"]
[Date "2002.10.19"]
[EventDate "2002.10.17"]
[Round "5"]
[Result "1-0"]
[White "Magnus Carlsen"]
[Black "Jorunn Marie Brekke"]
[WhiteElo "2250"]
[BlackElo "1371"]
[PlyCount "61"]

1. e4 e6 2. d4 d5 3. Nc3 Bb4 4. e5 Ne7 5. a3 Bxc3+ 6. bxc3 c5
7. Nf3 Nbc6 8. h4 cxd4 9. cxd4 Nf5 10. g4 Nh6 11. Rg1 Bd7
12. Bd3 Rc8 13. Bg5 Qa5+ 14. Bd2 Qa4 15. Rb1 Nxd4 16. Nxd4
Qxd4 17. Qe2 Bc6 18. Bb4 Qb6 19. c3 Qd8 20. g5 Nf5 21. Bxf5
exf5 22. e6 b6 23. Qe5 f6 24. gxf6 Qxf6 25. Qxf6 gxf6 26. Rg7
a5 27. Bd6 Rd8 28. Re7+ Kf8 29. Rd7+ Ke8 30. Rxd8+ Kxd8
31. Rxb6 1-0

[Event "Hafjell Junior Chess International"]
[Site "Hafjell NOR"]
[Date "2002.10.20"]
[EventDate "2002.10.17"]
[Round "6"]
[Result "0-1"]
[White "Oystein Boyum Fossum"]
[Black "Magnus Carlsen"]
[WhiteElo "1832"]
[BlackElo "2250"]
[PlyCount "90"]

1. c4 e6 2. Nf3 d5 3. g3 Nf6 4. Bg2 Be7 5. O-O O-O 6. b3 c5
7. cxd5 exd5 8. d4 Nc6 9. Bb2 Ne4 10. dxc5 Bxc5 11. Nd4 Bg4
12. Nxc6 bxc6 13. Bxe4 dxe4 14. Qc2 Qe7 15. Kg2 Rad8 16. h3
Bf5 17. e3 Qe6 18. Rh1 Bb6 19. Nc3 Rd3 20. Ne2 Qd7 21. Bc3 Rd8
22. Qb2 f6 23. Nf4 Rd6 24. Qe2 Qf7 25. Qc2 c5 26. Rad1 g5
27. Ne2 Bxh3+ 28. Rxh3 Rxd1 29. Qxe4 f5 30. Qe5 Qd5+ 31. Qxd5+
R8xd5 32. Rh5 Bd8 33. Rh6 Rd6 34. Rxd6 Rxd6 35. Kf3 Kf7 36. g4
fxg4+ 37. Kxg4 Kg6 38. Ng3 Ra6 39. f4 gxf4 40. exf4 Rxa2
41. Ne4 h5+ 42. Kf3 Ra3 43. Nd2 c4 44. Nxc4 Rxb3 45. Ne5+ Kf5
0-1

[Event "OSS Club Ch Group Master"]
[Site "Oslo NOR"]
[Date "2002.10.24"]
[EventDate "2002.09.26"]
[Round "3"]
[Result "0-1"]
[White "Magnus Carlsen"]
[Black "Svein Johannessen"]
[WhiteElo "2250"]
[BlackElo "2337"]
[PlyCount "65"]

1. e4 c5 2. c3 e6 3. d4 cxd4 4. cxd4 d5 5. e5 Nc6 6. Nf3 Nge7
7. Nc3 Nf5 8. a3 Bd7 9. Be2 Be7 10. O-O O-O 11. b4 Rc8 12. Qd3
f6 13. g4 fxe5 14. gxf5 e4 15. Nxe4 dxe4 16. Qxe4 Rxf5 17. b5
Rxf3 18. Bxf3 Nxd4 19. Rd1 e5 20. Be3 Bc5 21. Bg2 Qe8 22. Qxb7
Bxb5 23. Kh1 Rd8 24. Rab1 Ba4 25. Rd2 Bb6 26. Be4 Rd7 27. Qa6
Rc7 28. Qd3 g6 29. f4 Qc8 30. Bxd4 Bxd4 31. fxe5 Rc1+ 32. Kg2
Qg4+ 33. Qg3 0-1

[Event "OSS Club Ch Group Master"]
[Site "Oslo NOR"]
[Date "2002.10.31"]
[EventDate "2002.09.26"]
[Round "4"]
[Result "0-1"]
[White "Andreas G R Moen"]
[Black "Magnus Carlsen"]
[WhiteElo "2287"]
[BlackElo "2250"]
[PlyCount "63"]

1. d4 d5 2. c4 c6 3. Nf3 Nf6 4. Nc3 a6 5. g3 dxc4 6. a4 g6
7. e3 Be6 8. Ng5 Bd5 9. e4 h6 10. exd5 hxg5 11. dxc6 Nxc6
12. d5 Ne5 13. Bxg5 Qb6 14. Be2 Qxb2 15. Bd2 O-O-O 16. Rb1 Qa3
17. O-O Nxd5 18. Nxd5 Rxd5 19. Qc2 e6 20. f4 Qc5+ 21. Kg2 Qc6
22. Bf3 Nxf3 23. Rxf3 Rd3 24. Rbf1 Bc5 25. Be1 Rhd8 26. Qxc4
Re3 27. Bb4 Rxf3 28. Rxf3 Bxb4 29. Qxb4 Rd3 30. Qf8+ Kc7
31. Qxf7+ Kb6 32. Qxe6 0-1

[Event "NOR Junior Team Championship"]
[Site "Oslo NOR"]
[Date "2002.11.01"]
[EventDate "2002.11.01"]
[Round "2"]
[Result "0-1"]
[White "Erik Eliassen"]
[Black "Magnus Carlsen"]
[WhiteElo "1599"]
[BlackElo "2250"]
[PlyCount "36"]

1. e4 Nf6 2. Nc3 e5 3. f4 d5 4. exd5 e4 5. d3 Bb4 6. Bd2 e3
7. Bxe3 O-O 8. Be2 Nxd5 9. Bd2 Bxc3 10. Bxc3 Ne3 11. Qd2 Nxg2+
12. Kd1 Re8 13. Nf3 Bg4 14. Rg1 Qd5 15. Rxg2 Rxe2 16. Rxe2
Qxf3 17. Bd4 Nc6 18. Be3 Qf1+ 0-1

[Event "NOR Junior Team Championship"]
[Site "Oslo NOR"]
[Date "2002.11.01"]
[EventDate "2002.11.01"]
[Round "1"]
[Result "1-0"]
[White "Magnus Carlsen"]
[Black "Ivar A Abusdal"]
[WhiteElo "2250"]
[BlackElo "1673"]
[PlyCount "39"]

1. e4 e6 2. d4 d5 3. Bd3 dxe4 4. Bxe4 Nf6 5. Bf3 c5 6. Ne2 Nc6
7. Bxc6+ bxc6 8. Nbc3 Be7 9. Be3 cxd4 10. Nxd4 Qc7 11. O-O a6
12. Qf3 Bb7 13. Bf4 Qb6 14. Nb3 c5 15. Qe3 Nd5 16. Nxd5 Bxd5
17. Rfd1 Bb7 18. Be5 f6 19. Bd6 Bd5 20. Rxd5 1-0

[Event "NOR Junior Team Championship"]
[Site "Oslo NOR"]
[Date "2002.11.02"]
[EventDate "2002.11.01"]
[Round "3"]
[Result "1-0"]
[White "Magnus Carlsen"]
[Black "Stale Sending"]
[WhiteElo "2250"]
[BlackElo "1848"]
[PlyCount "55"]

1. d4 Nf6 2. Bg5 Ne4 3. Bf4 d5 4. f3 Nf6 5. Nc3 e6 6. e4 Bb4
7. Qd3 c5 8. dxc5 Bxc5 9. exd5 Qb6 10. Qb5+ Nbd7 11. Qxb6 Nxb6
12. Bb5+ Ke7 13. dxe6 Bxe6 14. O-O-O Rac8 15. Nge2 a6 16. Bd3
Nbd5 17. Nxd5+ Nxd5 18. Kb1 Nxf4 19. Nxf4 Bd6 20. Ne2 Rc5
21. Nd4 Be5 22. Be4 Rd8 23. c3 Rc7 24. Rhe1 Rcd7 25. Bc6 Rd6
26. Rxe5 bxc6 27. Nf5+ Kf6 28. Nxd6 1-0

[Event "NOR Junior Team Championship"]
[Site "Oslo NOR"]
[Date "2002.11.02"]
[EventDate "2002.11.01"]
[Round "4"]
[Result "1/2-1/2"]
[White "Magnus Carlsen"]
[Black "Harald Borchgrevink"]
[WhiteElo "2250"]
[BlackElo "2174"]
[PlyCount "80"]

1. Nf3 d5 2. c4 e6 3. d4 c6 4. e3 Nf6 5. Bd3 dxc4 6. Bxc4 b5
7. Bd3 Bb7 8. O-O Nbd7 9. e4 Be7 10. e5 Nd5 11. Nc3 a6
12. Nxd5 cxd5 13. Bf4 Rc8 14. Qd2 h6 15. Rac1 Rxc1 16. Rxc1
Qb6 17. h3 Nb8 18. h4 Kd7 19. h5 Nc6 20. Bg3 Rc8 21. Rf1 Qa5
22. Qf4 Ke8 23. Bb1 Qb4 24. b3 a5 25. Bd3 a4 26. Rb1 a3
27. Rc1 Qa5 28. Qe3 Nb4 29. Bb1 Rc6 30. Bf4 Bf8 31. Qe1 Qc7
32. Rxc6 Nxc6 33. Qc1 Qb6 34. Be3 Ba6 35. Qd2 b4 36. Bd3 Na7
37. Bxa6 Qxa6 38. Qe1 Kd7 39. Bd2 Nc6 40. Qc1 Qd3 1/2-1/2

[Event "NOR Junior Team Championship"]
[Site "Oslo NOR"]
[Date "2002.11.03"]
[EventDate "2002.11.01"]
[Round "5"]
[Result "1-0"]
[White "Jonas A Ingvaldsen"]
[Black "Magnus Carlsen"]
[WhiteElo "1797"]
[BlackElo "2250"]
[PlyCount "99"]

1. e4 c6 2. d4 d5 3. Nc3 dxe4 4. Bc4 Nf6 5. f3 Bf5 6. Bg5 e3
7. Nge2 Nd5 8. Bxd5 cxd5 9. g4 Bc8 10. Qd3 Qa5 11. O-O Nc6
12. a3 e6 13. b4 Qc7 14. Nb5 Qd7 15. Bf4 Kd8 16. Bc7+ Ke8
17. Bg3 Kd8 18. Nc7 Rb8 19. b5 Bd6 20. Bxd6 Qxd6 21. bxc6 Qxc7
22. cxb7 Bxb7 23. Rab1 Ke7 24. Qxe3 Ba6 25. Nf4 Rhd8 26. Rxb8
Qxb8 27. Re1 h6 28. Nxe6 fxe6 29. Qxe6+ Kf8 30. Qxa6 Kg8
31. Qe6+ Kh8 32. Qf7 Qb2 33. Qxa7 Qxc2 34. Qc5 Qd3 35. Kf2
Qd2+ 36. Re2 Qd1 37. Qb6 Rf8 38. Qb4 Rf6 39. Qd2 Qb3 40. Re3
Qb8 41. Kg2 Rf8 42. Re7 Qd6 43. Qe3 Qg6 44. Kg3 Qf6 45. h4 Ra8
46. g5 hxg5 47. hxg5 Qd6+ 48. Qe5 Qg6 49. Re6 Qb1 50. Rh6+ 1-0

[Event "NOR Junior Team Championship"]
[Site "Oslo NOR"]
[Date "2002.11.03"]
[EventDate "2002.11.01"]
[Round "6"]
[Result "1-0"]
[White "Magnus Carlsen"]
[Black "Ornulf A Stubberud"]
[WhiteElo "2250"]
[BlackElo "1606"]
[PlyCount "51"]

1. d4 d5 2. c4 c6 3. Nc3 Nf6 4. Nf3 e6 5. cxd5 exd5 6. Bg5 Bd6
7. e3 Nbd7 8. Bd3 O-O 9. O-O Qc7 10. Rc1 a6 11. Qc2 Re8
12. Rfe1 Rb8 13. Bf5 Be7 14. e4 dxe4 15. Nxe4 Qd8 16. Nxf6+
Nxf6 17. Bxf6 Bxf6 18. Bxh7+ Kh8 19. Bf5 Rxe1+ 20. Rxe1 Bxf5
21. Qxf5 Qb6 22. Ne5 Qxd4 23. Qh5+ Kg8 24. Qxf7+ Kh8 25. Nd7
Rd8 26. Re8+ 1-0

[Event "OSS Club Ch Group Master"]
[Site "Oslo NOR"]
[Date "2002.11.28"]
[EventDate "2002.09.26"]
[Round "5"]
[Result "1-0"]
[White "Oivind Johansen"]
[Black "Magnus Carlsen"]
[WhiteElo "2247"]
[BlackElo "2250"]
[PlyCount "84"]

1. d4 Nf6 2. c4 e6 3. Nc3 Bb4 4. e3 b6 5. Bd3 Bb7 6. f3 c5
7. a3 Bxc3+ 8. bxc3 d6 9. Nh3 e5 10. d5 e4 11. Be2 Nbd7 12. f4
O-O 13. Qc2 b5 14. cxb5 Bxd5 15. c4 Be6 16. Nf2 Nb6 17. O-O a6
18. bxa6 Rxa6 19. a4 Qa8 20. Bb2 Ne8 21. a5 Nd7 22. Bc3 f5
23. h3 Nef6 24. Qd2 Qe8 25. Qd1 Qf7 26. Ra4 Rfa8 27. Qb3 Rb8
28. Qc2 Rba8 29. Qb3 R6a7 30. Rd1 d5 31. g4 fxg4 32. hxg4 Bxg4
33. Nxg4 Nxg4 34. Bxg4 Qg6 35. Rd2 h5 36. cxd5 hxg4 37. d6+
Qf7 38. Qxf7+ Kxf7 39. Rxe4 Nf6 40. Rc4 Re8 41. Bxf6 gxf6
42. Rxc5 Ke6 1-0

[Event "OSS Club Ch Group Master"]
[Site "Oslo NOR"]
[Date "2002.12.04"]
[EventDate "2002.09.26"]
[Round "6"]
[Result "1-0"]
[White "Magnus Carlsen"]
[Black "Jens Lunnan Hjort"]
[WhiteElo "2250"]
[BlackElo "1937"]
[PlyCount "63"]

1. e4 c5 2. Nf3 Nc6 3. c3 d5 4. exd5 Qxd5 5. d4 Bg4 6. Be2
cxd4 7. cxd4 e6 8. Nc3 Bb4 9. O-O Qd7 10. Ne5 Bxe2 11. Qxe2
Nxe5 12. dxe5 Ne7 13. Rd1 Qc6 14. Bg5 h6 15. Rac1 Qa6 16. Bxe7
Bxe7 17. Qb5+ Qxb5 18. Nxb5 O-O 19. Rc7 Rfd8 20. Rxd8+ Rxd8
21. g3 a6 22. Na7 Bf8 23. Rxb7 Bc5 24. b4 Rd1+ 25. Kg2 Rb1
26. Nc6 Bf8 27. Rb6 Rb2 28. Rxa6 Bxb4 29. Ra8+ Kh7 30. Rb8 Bc3
31. Rxb2 Bxb2 32. a4 1-0

[Event "Norwegian Youth Online Ch"]
[Site "Internet"]
[Date "2002.12.29"]
[EventDate "2002.12.29"]
[Round "?"]
[Result "1-0"]
[White "Kjetil Stokke"]
[Black "Magnus Carlsen"]
[WhiteElo "2136"]
[BlackElo "2250"]
[PlyCount "55"]

1. Nf3 c5 2. c4 Nc6 3. d4 cxd4 4. Nxd4 e6 5. Nc3 Nxd4 6. Qxd4
Ne7 7. Bg5 Nc6 8. Qd2 Qa5 9. g3 Bb4 10. Bg2 Ne5 11. Qd4 Bc5
12. Qe4 f5 13. Qc2 Nxc4 14. O-O Bd4 15. Na4 d5 16. Rad1 Be5
17. e4 Bd7 18. exd5 Bxa4 19. b3 Na3 20. Qe2 O-O 21. Qxe5 Bb5
22. dxe6 Qa6 23. e7 Rfe8 24. Rd8 Kh8 25. Rfd1 Qg6 26. Rxa8
Qxg5 27. Rxe8+ Bxe8 28. Rd8 1-0

[Event "Snorre Open Final (blitz)"]
[Site "Gausdal NOR"]
[Date "2003.01.12"]
[EventDate "2003.01.12"]
[Round "2"]
[Result "0-1"]
[White "Oystein Hole"]
[Black "Magnus Carlsen"]
[WhiteElo "2252"]
[BlackElo "2279"]
[PlyCount "66"]

1. Nf3 c5 2. c4 Nc6 3. Nc3 g6 4. d4 cxd4 5. Nxd4 Bg7 6. Nxc6
bxc6 7. e4 d6 8. Qc2 Nf6 9. Be2 O-O 10. O-O Nd7 11. b3 c5
12. Bb2 Ne5 13. Rad1 Nc6 14. Nd5 Bxb2 15. Qxb2 Nd4 16. Bd3 Bb7
17. f4 e6 18. Ne3 f5 19. exf5 Qf6 20. Qf2 gxf5 21. Nc2 Kh8
22. Rfe1 Rg8 23. Bf1 Nf3+ 24. Kh1 Nxe1 25. Qxe1 Be4 26. Ne3
Rad8 27. Qd2 e5 28. Nd5 Bxd5 29. cxd5 e4 30. Qa5 Rd7 31. Qb5
Rdg7 32. b4 Qb2 33. g3 Qxb4 0-1

[Event "Snorre Open Final (blitz)"]
[Site "Gausdal NOR"]
[Date "2003.01.12"]
[EventDate "2003.01.12"]
[Round "1"]
[Result "1-0"]
[White "Magnus Carlsen"]
[Black "Oystein Hole"]
[WhiteElo "2279"]
[BlackElo "2252"]
[PlyCount "63"]

1. c4 c6 2. e4 d5 3. exd5 cxd5 4. cxd5 Nf6 5. d4 Nxd5 6. Nc3
e6 7. Nf3 Be7 8. Bd3 O-O 9. O-O Nc6 10. Bb1 Nxc3 11. bxc3 b6
12. Re1 Bb7 13. Qd3 g6 14. Bh6 Re8 15. Qe3 Bf6 16. Be4 Rc8
17. Ng5 Na5 18. Bxb7 Nxb7 19. Ne4 Bg7 20. Bg5 f6 21. Bf4 Bf8
22. Rad1 Nd6 23. Nxd6 Bxd6 24. Bh6 Qc7 25. Qf3 Qf7 26. h4 Rc7
27. Re3 Rec8 28. Rde1 e5 29. h5 exd4 30. cxd4 Rc1 31. R3e2
Rxe1+ 32. Rxe1 1-0

[Event "Training match Norway - Holland"]
[Site "Oslo NOR"]
[Date "2003.01.23"]
[EventDate "2003.01.23"]
[Round "?"]
[Result "0-1"]
[White "Wouter Spoelman"]
[Black "Magnus Carlsen"]
[WhiteElo "2206"]
[BlackElo "2279"]
[PlyCount "50"]

1. e4 c5 2. Nf3 d6 3. d4 Nf6 4. Nc3 cxd4 5. Nxd4 Nc6 6. Bg5 e6
7. Qd2 Be7 8. O-O-O O-O 9. f3 Nxd4 10. Qxd4 Qa5 11. h4 Bd7
12. Kb1 Rfc8 13. g4 b5 14. Bd3 e5 15. Qf2 Rxc3 16. bxc3 Be6
17. Bxf6 Bxf6 18. Kb2 Rc8 19. Qe1 d5 20. exd5 e4 21. Qxe4
Bxc3+ 22. Kb1 Qa3 23. Qxh7+ Kf8 24. Qh8+ Ke7 25. d6+ Qxd6 0-1

[Event "NTG Grand Prix Group A"]
[Site "Baerum NOR"]
[Date "2003.01.24"]
[EventDate "2003.01.24"]
[Round "1"]
[Result "0-1"]
[White "Vegard Tollefsen"]
[Black "Magnus Carlsen"]
[WhiteElo "1796"]
[BlackElo "2279"]
[PlyCount "42"]

1. e4 c5 2. c3 Qa5 3. Nf3 Nc6 4. Bc4 Nf6 5. e5 d5 6. exd6 exd6
7. Qb3 Qc7 8. O-O Na5 9. Re1+ Be7 10. Bb5+ Bd7 11. Qa4 Nc6
12. Qf4 Ne5 13. Bxd7+ Qxd7 14. Nxe5 dxe5 15. Qxe5 O-O 16. d4
Bd6 17. Qg5 Rfe8 18. Be3 Re4 19. dxc5 Be5 20. Nd2 h6 21. Qxf6
Rxe3 0-1

[Event "NTG Grand Prix Group A"]
[Site "Baerum NOR"]
[Date "2003.01.25"]
[EventDate "2003.01.24"]
[Round "3"]
[Result "0-1"]
[White "Daniel Jakobsen Kovachev"]
[Black "Magnus Carlsen"]
[WhiteElo "1692"]
[BlackElo "2279"]
[PlyCount "52"]

1. e4 g6 2. d4 Bg7 3. Nc3 d6 4. f4 a6 5. a4 Nd7 6. Nf3 b6
7. Bd3 e6 8. O-O Ne7 9. f5 exf5 10. exf5 Bb7 11. fxg6 hxg6
12. Be3 Nf6 13. Qd2 Qd7 14. Rae1 O-O-O 15. Qe2 Ned5 16. Bxa6
Rhe8 17. Bxb7+ Kxb7 18. Qd3 Nxe3 19. Rxe3 Rxe3 20. Qxe3 Re8
21. Qd3 Ng4 22. Ra1 Ne3 23. a5 Qg4 24. Qe2 Bxd4 25. Ra4 Nc4+
26. Nxd4 Qxd4+ {Time} 0-1